Codes of conduct for the transfer of technology: a critique

Shranjeno v:
Bibliografske podrobnosti
Main Authors: Holland, Susan S (Author), Behrman, Jack N (Author)
Format: Knjiga
Jezik:angleščina
Izdano: Nueva York Council of the Americas 1976
Teme:
Oznake: Označite
Brez oznak, prvi označite!

MARC

LEADER 00000nam a2200000 a 4500
001 UCV3772
003 CL-VaPUC
008 911029e19760000US |||||||||||||||||eng|d
082 0 4 |a 602  |b HOL  |2 21 
100 0 |a Holland, Susan S  |e author  |9 298108 
700 0 |a Behrman, Jack N  |e author  |9 298109 
245 1 0 |a Codes of conduct for the transfer of technology: a critique 
300 |a 129 p 
942 |c BK 
945 |d 19911029 00:00:00 
260 |a Nueva York  |b Council of the Americas  |c 1976 
650 0 |a Transferencia de tecnología  |9 259659 
583 |a last modification  |c 19911029 00:00:00  |k Rodrigo Vera 
999 |c 210900  |d 210898 
952 |0 0  |1 0  |4 0  |6 602_000000000000000_HOL_1976  |7 0  |8 A  |9 187916  |a BIBALI  |b BIBALI  |c GEN  |d 2019-11-14  |i 2554046  |o 602 HOL 1976  |p 2554046  |r 2025-01-20  |w 2019-11-14  |y BK  |k ALI